Coastal Athletic Association Logo Quiz - Statistics

General Stats
  • This quiz has been taken 8 times
  • The average score is 7 of 13
Answer Stats
Picture Answer % Correct
William & Mary
100%
Campbell
83%
Drexel
67%
Elon
67%
Hofstra
67%
Charleston
50%
Hampton
50%
North Carolina A&T
50%
Monmouth
33%
Northeastern
33%
Stony Brook
33%
Towson
33%
UNC Wilmington
33%
No matching quizzes found
Score Distribution
Percent of People with Each Score
Percentile by Number Answered
Your Score History
You have not taken this quiz